| 000 | 00811nas a2200265 4500 | ||
|---|---|---|---|
| 001 | BR0802993 | ||
| 003 | BR-BrBNA | ||
| 005 | 20231205112132.0 | ||
| 007 | ta | ||
| 008 | 230509b bl.|||p| |||| 00| 00por d | ||
| 040 |
_aBR-BrBNA _bpor _cBiblioteca Nacional de Agricultura |
||
| 041 | _a(Pt) | ||
| 072 | _aH10; L20 | ||
| 100 | 1 | _aAlves, E.B. | |
| 100 | 1 | _aCasarini, N.F.B. | |
| 100 | 1 | _aOmoto, C. | |
| 245 | 1 | _aMecanismo de dispersão de Brevipalpus phoenicis (Geijskes)(Acari: Tenuipalpidae)em pomares de citros | |
| 650 | _aÁCARO | ||
| 650 | _aPRAGA DE PLANTA | ||
| 650 | _aCITRO | ||
| 650 | _aCOMPORTAMENTO ANIMAL | ||
| 773 | 0 |
_tNeotropical Entomology (Brazil) _xISSN 1519-566X _g(Jan-Feb 2005), v. 34(2) p. 89-96 _wBR0802993 |
|
| 909 |
_a202311 _bLúcia _c55 _dLúcia Elande |
||
| 942 |
_2AGRIS _n0 _cANA |
||
| 999 |
_c196278 _d196278 |
||